00619cam a22002892 4500001001100000005001700011008004100028020001700069040001500086245004200101250001300143260003100156300001700187650006300204700002900267852000300296852000300299852000300302852000300305852000300308852000300311852000300314852000300317852000300320852000300323852000300326000002541420151217154535.0150910s xx 000 0 eng d a0199696468 : aKABUcKABU10aComputer law /cedited by Chris Reed. a7th ed. aOxford :bO. U. P.,c2011. aliii, 741 p. 0aComputersxLaw and legislationzGreat Britain.@00001600441 aReed, Chris.@00001784101 1 1 1 1 1 1 1 1 1 1